[Event "Rated Blitz game"]
[Site "?"]
[Date "2021.03.19"]
[Round "?"]
[White "VENADORECARGADO"]
[Black "jflup"]
[Result "1/2-1/2"]
[WhiteElo "2264"]
[BlackElo "2418"]
[PlyCount "65"]
[EventDate "2021.??.??"]
[EventType "blitz"]

1. e4 e5 2. Nf3 d5 3. Nxe5 Bd6 4. d4 dxe4 5. Nc4 Be7 6. Nc3 Nf6 7. Bg5 Nc6 8.
d5 Nxd5 9. Bxe7 Ncxe7 10. Nxe4 O-O 11. Bd3 Nf4 12. O-O Nxd3 13. cxd3 Nf5 14.
Re1 Re8 15. Rc1 b6 16. Qf3 Be6 17. Ng3 Nd4 18. Qh5 Qd5 19. Re5 Qd7 20. Ree1 g6
21. Qh6 c5 22. Ne5 Qd6 23. Re4 Qf8 24. Qh4 Qg7 25. Rce1 Bd5 26. R4e3 Nc2 27.
Ng4 Nxe1 28. Nf6+ Kf8 29. Nxh7+ Kg8 30. Nf6+ Kf8 31. Nh7+ Kg8 32. Nf6+ Kf8 33.
Nh7+ {Normal} 1/2-1/2

[Event "Rated Blitz tournament Z2YFGFqt"]
[Site "?"]
[Date "2021.03.19"]
[Round "?"]
[White "Gadi_Markovich"]
[Black "Killerrhino"]
[Result "0-1"]
[WhiteElo "2266"]
[BlackElo "2401"]
[PlyCount "84"]
[EventDate "2021.??.??"]
[EventType "blitz"]

1. e4 e5 2. Nf3 d5 3. exd5 e4 4. Qe2 Nf6 5. d3 Qxd5 6. dxe4 Qxe4 7. Nc3 Bb4 8.
Bd2 Qxe2+ 9. Bxe2 Bf5 10. O-O-O O-O 11. Nd4 Bd7 12. Bf3 c6 13. Rhe1 Bc5 14. Be3
Na6 15. h3 Rfe8 16. Kb1 Nc7 17. Nf5 Bxe3 18. Nxe3 Be6 19. g4 h6 20. b3 Rad8 21.
Kc1 Kf8 22. h4 Nfd5 23. Nexd5 Nxd5 24. Nxd5 cxd5 25. g5 hxg5 26. hxg5 g6 27.
Re5 Rd6 28. Bxd5 Red8 29. c4 Kg7 30. Rde1 Bxd5 31. cxd5 Rxd5 32. Rxd5 Rxd5 33.
Re7 Rxg5 34. Rxb7 Ra5 35. Kb2 g5 36. b4 Rf5 37. Rxa7 Rxf2+ 38. Kb3 g4 39. b5 g3
40. Ra4 f5 41. b6 g2 42. b7 g1=Q {Normal} 0-1

[Event "Rated Blitz game"]
[Site "?"]
[Date "2021.03.19"]
[Round "?"]
[White "Stoichess"]
[Black "Erow"]
[Result "0-1"]
[WhiteElo "2600"]
[BlackElo "2692"]
[PlyCount "78"]
[EventDate "2021.??.??"]
[EventType "blitz"]

1. e4 e5 2. Nf3 d5 3. Nxe5 Bd6 4. d4 dxe4 5. Bc4 Bxe5 6. Qh5 Qe7 7. Qxe5 Nf6 8.
Qxe7+ Kxe7 9. Bf4 c6 10. Nd2 Bf5 11. Bb3 Nbd7 12. Nc4 Nb6 13. Ne3 Be6 14. c4
Rhd8 15. O-O-O Rd7 16. Rd2 a5 17. a4 Nh5 18. Bg3 Nxg3 19. hxg3 Rad8 20. Rhd1
Rc7 21. Kb1 Bc8 22. d5 cxd5 23. cxd5 Rd6 24. g4 g6 25. Rh1 Bd7 26. Rd4 Kf6 27.
f4 exf3 28. gxf3 Kg7 29. Re4 h6 30. f4 Bc8 31. Re8 Nd7 32. g5 h5 33. f5 b6 34.
f6+ Nxf6 35. gxf6+ Rxf6 36. Ka2 Ba6 37. Ra8 b5 38. axb5 Bxb5 39. Rxa5 Bd7 {
Time forfeit} 0-1

[Event "Rated Blitz tournament ah5Y32uq"]
[Site "?"]
[Date "2021.03.19"]
[Round "?"]
[White "MONSKY123"]
[Black "Jordaine_Tupaz"]
[Result "0-1"]
[WhiteElo "2424"]
[BlackElo "2252"]
[PlyCount "90"]
[EventDate "2021.??.??"]
[EventType "blitz"]

1. e4 e5 2. Nf3 d5 3. exd5 e4 4. Qe2 Nf6 5. Nc3 Be7 6. Ng5 O-O 7. Ngxe4 c6 8.
d6 Bxd6 9. d3 Re8 10. Be3 Bb4 11. O-O-O Nd5 12. Qh5 Qa5 13. Ng5 Be6 14. Qxh7+
Kf8 15. Nxd5 cxd5 16. a3 Bxa3 17. bxa3 Qxa3+ 18. Kd2 Qb4+ 19. Ke2 d4 20. Qh8+
Ke7 21. Qxg7 dxe3 22. fxe3 Nc6 23. h3 Rg8 24. Qh6 Rg6 25. Qh5 Qc5 26. h4 Qxc2+
27. Rd2 Qa4 28. Nf3 b6 29. Qh7 Rag8 30. h5 Rxg2+ 31. Bxg2 Rxg2+ 32. Kf1 Rxd2
33. Nxd2 Qd1+ 34. Kg2 Qxd2+ 35. Kf1 Ne5 36. Qe4 Nxd3 37. Qh4+ f6 38. Rh2 Qd1+
39. Kg2 Bd5+ 40. e4 Qe2+ 41. Kg1 Qe3+ 42. Kf1 Bxe4 43. Re2 Qf3+ 44. Kg1 Qxe2
45. h6 Qg2# {Normal} 0-1

[Event "Rated Blitz game"]
[Site "?"]
[Date "2021.03.19"]
[Round "?"]
[White "strizibuba"]
[Black "sloppydogg"]
[Result "0-1"]
[WhiteElo "2435"]
[BlackElo "2537"]
[PlyCount "68"]
[EventDate "2021.??.??"]
[EventType "blitz"]

1. e4 e5 2. Nf3 d5 3. exd5 Bd6 4. Nc3 Nf6 5. d3 h6 6. Ne4 Nxd5 7. Nxd6+ Qxd6 8.
Be2 O-O 9. O-O c5 10. Nd2 Nc6 11. Nc4 Qc7 12. Bf3 Be6 13. Re1 Rad8 14. Bd2 b5
15. Ne3 Nde7 16. g3 f5 17. a4 b4 18. Bg2 Nd4 19. Nc4 Bxc4 20. dxc4 e4 21. c3
bxc3 22. bxc3 Nb3 23. Qxb3 Rxd2 24. Rab1 Nc6 25. Qb7 Qd6 26. Qa6 Rd8 27. Rb7
Rd1 28. Rxd1 Qxd1+ 29. Bf1 Qd6 30. h4 f4 31. g4 e3 32. Bg2 e2 33. Bd5+ Qxd5 34.
cxd5 e1=Q+ {Normal} 0-1

[Event "Rated Blitz game"]
[Site "?"]
[Date "2021.03.19"]
[Round "?"]
[White "SaxKaiGoal"]
[Black "Erow"]
[Result "0-1"]
[WhiteElo "2611"]
[BlackElo "2706"]
[PlyCount "84"]
[EventDate "2021.??.??"]
[EventType "blitz"]

1. e4 e5 2. Nf3 d5 3. Nxe5 Bd6 4. d4 dxe4 5. Nc3 Bxe5 6. dxe5 Qxd1+ 7. Nxd1 Nc6
8. Bb5 Nge7 9. Nc3 Bf5 10. Bg5 a6 11. Bxc6+ Nxc6 12. O-O-O O-O 13. Rhe1 Nxe5
14. Nxe4 Rfe8 15. Ng3 Bg6 16. Bf4 Ng4 17. f3 Nf6 18. Be5 Re6 19. Bc3 Rc6 20.
Re7 h6 21. Ne2 b5 22. Nd4 Rc4 23. a3 Nd5 24. Rd7 Nxc3 25. bxc3 Rxc3 26. Kb2 Rc4
27. c3 Re8 28. Rd2 Re1 29. Nc2 Rh1 30. Nb4 a5 31. Nd5 c5 32. Rc7 Kh7 33. g3 b4
34. axb4 axb4 35. cxb4 Rb1+ 36. Ka2 Rcc1 37. Rxc5 Ra1+ 38. Kb3 Rcb1+ 39. Rb2
Rf1 40. Rc3 f6 41. Ne3 Bf7+ 42. Kc2 Rf2+ {Normal} 0-1

[Event "Rated Blitz game"]
[Site "?"]
[Date "2021.03.19"]
[Round "?"]
[White "JurajMatejovic_SK"]
[Black "lavilaine"]
[Result "1-0"]
[WhiteElo "2448"]
[BlackElo "2345"]
[PlyCount "101"]
[EventDate "2021.??.??"]
[EventType "blitz"]

1. e4 e5 2. Nf3 d5 3. exd5 e4 4. Qe2 f5 5. d3 Nf6 6. Nbd2 Qxd5 7. Ng5 Nc6 8.
dxe4 fxe4 9. Ngxe4 Nxe4 10. Nxe4 Be6 11. c3 O-O-O 12. g3 h5 13. Bg2 Bg4 14. f3
Bf5 15. Be3 Ne5 16. O-O h4 17. Rad1 Qxa2 18. Rxd8+ Kxd8 19. Rd1+ Kc8 20. Bd4
Qc4 21. Qf2 Nd3 22. Qe3 hxg3 23. Nxg3 Bg6 24. f4 Bc5 25. f5 Bxd4 26. cxd4 Nxb2
27. Rc1 Bf7 28. Rxc4 Nxc4 29. Qe7 Nd6 30. Ne4 Nxe4 31. Bxe4 Re8 32. Qxf7 Rxe4
33. Qxg7 a5 34. f6 a4 35. f7 Rf4 36. f8=Q+ Rxf8 37. Qxf8+ Kd7 38. Qa3 Kc6 39.
Qxa4+ Kb6 40. Qb3+ Kc6 41. d5+ Kd6 42. Qxb7 c6 43. Qxc6+ Ke5 44. d6 Kd4 45. d7
Ke5 46. d8=Q Kf4 47. Qe7 Kg4 48. Qcf6 Kh3 49. Qh7+ Kg4 50. Qhg7+ Kh3 51. Qfh6#
{Normal} 1-0

[Event "Rated Blitz game"]
[Site "?"]
[Date "2021.03.19"]
[Round "?"]
[White "chesslatte64"]
[Black "sankapa"]
[Result "0-1"]
[WhiteElo "2413"]
[BlackElo "2352"]
[PlyCount "54"]
[EventDate "2021.??.??"]
[EventType "blitz"]

1. e4 e5 2. Nf3 d5 3. Nxe5 Qe7 4. d4 f6 5. Qh5+ g6 6. Nxg6 Qxe4+ 7. Be2 Qxg6 8.
Qh4 h5 9. Nc3 Ne7 10. O-O a6 11. f4 Nbc6 12. Kh1 Bg4 13. Bd3 f5 14. Na4 O-O-O
15. Nc5 Nxd4 16. Nxa6 bxa6 17. Be3 Nec6 18. Bxa6+ Kb8 19. Qe1 Bc5 20. b4 Bb6
21. Bxd4 Nxd4 22. Qb1 h4 23. c3 Ne2 24. h3 Rdg8 25. Bxe2 Bxe2 26. Rg1 Qg3 27.
Qxf5 Bf3 {Normal} 0-1

[Event "Rated Blitz game"]
[Site "?"]
[Date "2021.03.19"]
[Round "?"]
[White "elenfermito"]
[Black "elPerico"]
[Result "1-0"]
[WhiteElo "2418"]
[BlackElo "2271"]
[PlyCount "29"]
[EventDate "2021.??.??"]
[EventType "blitz"]

1. e4 e5 2. Nf3 d5 3. Nxe5 Nf6 4. d4 Nxe4 5. Bd3 f5 6. Qh5+ g6 7. Nxg6 hxg6 8.
Qxg6+ Kd7 9. Qxf5+ Kd6 10. Bf4+ Kc6 11. Qg6+ Bd6 12. a4 Rg8 13. Bb5+ Kb6 14.
Nc3 Rxg6 15. a5# {Normal} 1-0

[Event "Rated Blitz game"]
[Site "?"]
[Date "2021.03.19"]
[Round "?"]
[White "kuperbash"]
[Black "annaly1979"]
[Result "1-0"]
[WhiteElo "2406"]
[BlackElo "2328"]
[PlyCount "125"]
[EventDate "2021.??.??"]
[EventType "blitz"]

1. e4 e5 2. Nf3 d5 3. exd5 e4 4. Qe2 f5 5. d3 Nf6 6. Nbd2 Be7 7. dxe4 fxe4 8.
Nxe4 Nxe4 9. Qxe4 O-O 10. Bd3 Bf5 11. Qc4 Bd6 12. Bxf5 Rxf5 13. O-O Nd7 14. Qd3
Qf8 15. c4 Nc5 16. Qd4 a5 17. Be3 Re8 18. Qg4 h6 19. b3 Qf6 20. Bxc5 Bxc5 21.
Rae1 Rf8 22. Re6 Qf7 23. h3 Rf4 24. Qg6 b6 25. Qxf7+ R8xf7 26. Rfe1 Kh7 27.
R1e4 R4f5 28. Re2 g5 29. Kh1 Rf4 30. Ne5 Rg7 31. Nd3 Rgf7 32. Nxf4 Rxf4 33. f3
h5 34. R6e4 Rf7 35. Re5 Kg6 36. Re6+ Kf5 37. R2e5+ Kf4 38. Kh2 h4 39. Re4+ Kf5
40. Kh1 Bd6 41. Kg1 Bc5+ 42. Kf1 Bd6 43. Ke2 Rd7 44. Kd3 Rf7 45. Re8 Rd7 46.
R8e6 Rf7 47. Rxd6 cxd6 48. Re6 Rf6 49. Rxf6+ Kxf6 50. Ke4 Kg6 51. f4 Kf6 52. f5
Kf7 53. Kf3 Kg7 54. Kg4 Kf6 55. a3 a4 56. bxa4 Ke5 57. Kxg5 Kd4 58. f6 Kxc4 59.
f7 Kxd5 60. f8=Q Kc6 61. Qf5 d5 62. Qe5 Kc5 63. Qc3+ {Time forfeit} 1-0

[Event "Rated Blitz game"]
[Site "?"]
[Date "2021.03.18"]
[Round "?"]
[White "DarmenS"]
[Black "Monkey_King"]
[Result "0-1"]
[WhiteElo "2650"]
[BlackElo "2541"]
[PlyCount "152"]
[EventDate "2021.??.??"]
[EventType "blitz"]

1. e4 e5 2. Nf3 d5 3. exd5 e4 4. Ne5 Qxd5 5. d4 exd3 6. Nxd3 Nf6 7. Nc3 Qf5 8.
Nf4 Bd6 9. Bd3 Qe5+ 10. Qe2 Nc6 11. Nb5 Qxe2+ 12. Bxe2 Be5 13. Nd3 Bd6 14.
Nxd6+ cxd6 15. Bf4 d5 16. O-O-O Bf5 17. Ne5 O-O 18. Nxc6 bxc6 19. f3 a5 20. a4
Rfe8 21. Rhe1 h6 22. g4 Bg6 23. h4 h5 24. g5 Nd7 25. Bf1 Nc5 26. b3 Bf5 27.
Rxe8+ Rxe8 28. Bd2 Ra8 29. Re1 Ne6 30. Re5 g6 31. Bc3 Kf8 32. Re1 Ke7 33. Kd2
Kd6 34. Be5+ Kd7 35. c3 Ra7 36. Be2 Rb7 37. Bd1 Nc5 38. Bf6 Be6 39. b4 axb4 40.
Bd4 Na6 41. a5 b3 42. Bb6 Rxb6 43. axb6 Nc5 44. Be2 Bf5 45. Kc1 Na4 46. b7 Kc7
47. Kd2 b2 48. Bd3 Bxd3 49. Kxd3 Kxb7 50. Kc2 Kb6 51. Kb3 Kb5 52. Rb1 c5 53.
Kc2 d4 54. cxd4 cxd4 55. Rd1 Kc4 56. f4 d3+ 57. Kd2 Nc3 58. Re1 b1=Q 59. Rxb1
Nxb1+ 60. Ke3 Kc3 61. Ke4 Kd2 62. Ke5 Ke2 63. Kf6 d2 64. f5 d1=Q 65. fxg6 Qd6+
66. Kg7 fxg6 67. Kh6 Qf4 68. Kg7 Qxh4 69. Kxg6 Qg4 70. Kh6 h4 71. g6 h3 72. g7
Qxg7+ 73. Kxg7 h2 74. Kf6 h1=Q 75. Ke5 Qf3 76. Kd4 Qf2+ {Time forfeit} 0-1

[Event "Rated Blitz tournament QrdE3oJu"]
[Site "?"]
[Date "2021.03.18"]
[Round "?"]
[White "Mr_Saw"]
[Black "Schachelite"]
[Result "0-1"]
[WhiteElo "2437"]
[BlackElo "2444"]
[PlyCount "128"]
[EventDate "2021.??.??"]
[EventType "blitz"]

1. e4 e5 2. Nf3 d5 3. exd5 e4 4. Qe2 Nf6 5. Nc3 Be7 6. Nxe4 O-O 7. Nxf6+ Bxf6
8. Qd1 Qxd5 9. Be2 c5 10. O-O Nc6 11. d3 b6 12. Nd2 Nd4 13. Bf3 Nxf3+ 14. Qxf3
Qxf3 15. Nxf3 Re8 16. Bd2 Bxb2 17. Rae1 Bb7 18. Bf4 Bxf3 19. gxf3 Bc3 20. Re4
f5 21. Rxe8+ Rxe8 22. Be3 Kf7 23. f4 Ke6 24. Kg2 Kd5 25. Kf3 Kc6 26. a4 b5 27.
axb5+ Kxb5 28. Rb1+ Kc6 29. Rb3 Bf6 30. Ra3 Ra8 31. Ra5 Be7 32. c4 Kb6 33. Rb5+
Kc6 34. Ra5 a6 35. d4 Kb6 36. Ra2 a5 37. Ra4 g6 38. h4 cxd4 39. Bxd4+ Bc5 40.
Bc3 Ra7 41. Kg3 Ra8 42. Kf3 Be7 43. Bd4+ Kc6 44. Kg3 Bb4 45. Be3 Rd8 46. h5
gxh5 47. Kh4 Rd3 48. Kxh5 Rc3 49. c5 Kb5 50. Ra1 a4 51. Rb1 a3 52. Rxb4+ Kxb4
53. Bd2 a2 54. Bxc3+ Kxc3 55. c6 a1=Q 56. c7 Qa8 57. Kh6 Qc8 58. Kxh7 Qxc7+ 59.
Kg6 Qc5 60. Kf6 Kd3 61. Kg5 Ke2 62. f3 Kxf3 63. Kf6 Kxf4 64. Kg6 Ke4 {Normal}
0-1

[Event "Rated Blitz game"]
[Site "?"]
[Date "2021.03.18"]
[Round "?"]
[White "Ute-Manfred"]
[Black "Monkey_King"]
[Result "1-0"]
[WhiteElo "2634"]
[BlackElo "2530"]
[PlyCount "39"]
[EventDate "2021.??.??"]
[EventType "blitz"]

1. e4 e5 2. Nf3 d5 3. exd5 e4 4. Ne5 Qxd5 5. d4 exd3 6. Nxd3 Nf6 7. Be2 Nc6 8.
Bf3 Qf5 9. O-O Bd7 10. Re1+ Be7 11. Nc3 g5 12. Bxc6 Bxc6 13. Re5 Qd7 14. Bxg5
O-O-O 15. Qe2 Rde8 16. Re1 Rhg8 17. g3 h6 18. Rxe7 Rxe7 19. Qxe7 Qh3 20. Nf4 {
Normal} 1-0

[Event "Rated Blitz tournament PCXqMTGm"]
[Site "?"]
[Date "2021.03.18"]
[Round "?"]
[White "demkovichav"]
[Black "Maltinho"]
[Result "0-1"]
[WhiteElo "2440"]
[BlackElo "2532"]
[PlyCount "50"]
[EventDate "2021.??.??"]
[EventType "blitz"]

1. e4 e5 2. Nf3 d5 3. exd5 Bd6 4. Nc3 f5 5. d4 e4 6. Ne5 Nf6 7. Bf4 O-O 8. Qd2
Bb4 9. Bc4 Kh8 10. O-O-O Nbd7 11. d6 Nb6 12. Nf7+ Rxf7 13. Bxf7 cxd6 14. Bb3 a5
15. a3 a4 16. axb4 axb3 17. cxb3 Be6 18. Kc2 Nbd5 19. Nxd5 Nxd5 20. Kb1 Qb6 21.
Rc1 Nxb4 22. Rc4 Ra1+ 23. Kxa1 Qa5+ 24. Kb1 Qa2+ 25. Kc1 Qa1# {Normal} 0-1

[Event "Rated Blitz game"]
[Site "?"]
[Date "2021.03.18"]
[Round "?"]
[White "DarmenS"]
[Black "Monkey_King"]
[Result "0-1"]
[WhiteElo "2670"]
[BlackElo "2520"]
[PlyCount "36"]
[EventDate "2021.??.??"]
[EventType "blitz"]

1. e4 e5 2. Nf3 d5 3. Nxe5 dxe4 4. Bc4 Qg5 5. d4 Qxg2 6. Bxf7+ Ke7 7. Rf1 Nf6
8. Bc4 Nc6 9. Nxc6+ bxc6 10. Bf4 Bg4 11. Qd2 Kd7 12. Nc3 Bd6 13. Bg3 Rab8 14.
Qg5 Rxb2 15. Qxg7+ Be7 16. Qxh8 Rxc2 17. Be2 Bxe2 18. Nxe2 Qf3 {Normal} 0-1

[Event "Rated Blitz tournament PCXqMTGm"]
[Site "?"]
[Date "2021.03.18"]
[Round "?"]
[White "Doenertello"]
[Black "Maltinho"]
[Result "0-1"]
[WhiteElo "2499"]
[BlackElo "2537"]
[PlyCount "36"]
[EventDate "2021.??.??"]
[EventType "blitz"]

1. e4 e5 2. Nf3 d5 3. exd5 Bd6 4. d4 e4 5. Ne5 Nf6 6. Nc3 O-O 7. Bg5 h6 8. Bxf6
Qxf6 9. Nc4 Bf5 10. Ne3 Bh7 11. Be2 Nd7 12. Qd2 a6 13. g3 b5 14. O-O-O Nb6 15.
Ng4 Qe7 16. f3 exf3 17. Bxf3 Nc4 18. Qf2 Ba3 {Normal} 0-1

[Event "Rated Blitz game"]
[Site "?"]
[Date "2021.03.18"]
[Round "?"]
[White "Dapsay"]
[Black "Slimslik02"]
[Result "1-0"]
[WhiteElo "2416"]
[BlackElo "2310"]
[PlyCount "81"]
[EventDate "2021.??.??"]
[EventType "blitz"]

1. e4 e5 2. Nf3 d5 3. d3 dxe4 4. dxe4 Qxd1+ 5. Kxd1 Bg4 6. h3 Bxf3+ 7. gxf3 Nc6
8. Bb5 O-O-O+ 9. Bd2 Nd4 10. Be2 f5 11. c3 Ne6 12. exf5 Nf4 13. Bc4 Bc5 14. Ke1
Nd3+ 15. Bxd3 Rxd3 16. Ke2 Rd8 17. b4 Bb6 18. Rg1 g6 19. Bg5 Rd6 20. fxg6 Rxg6
21. Nd2 Nf6 22. Bxf6 Rxf6 23. Rg7 Rhf8 24. Rag1 a6 25. R1g2 Rh6 26. R2g3 a5 27.
a3 axb4 28. axb4 Rd8 29. Nc4 Re6 30. Rxh7 e4 31. f4 Rf8 32. Nxb6+ Rxb6 33. Rh4
Rbf6 34. Ke3 Kb8 35. Kxe4 Re6+ 36. Kf3 Rfe8 37. Kg2 Re1 38. Rhg4 Ka7 39. Rg8
R8e2 40. R8g7 Rc2 41. Kf3 {Time forfeit} 1-0

[Event "Rated Blitz game"]
[Site "?"]
[Date "2021.03.18"]
[Round "?"]
[White "nrm18"]
[Black "blastol"]
[Result "0-1"]
[WhiteElo "2442"]
[BlackElo "2394"]
[PlyCount "24"]
[EventDate "2021.??.??"]
[EventType "blitz"]

1. e4 e5 2. Nf3 d5 3. Nxe5 Bd6 4. d4 dxe4 5. Nc4 f5 6. f3 Qh4+ 7. g3 Bxg3+ 8.
hxg3 Qxh1 9. Kf2 Nf6 10. Bg5 Qh2+ 11. Bg2 exf3 12. Qxf3 Ne4+ {Normal} 0-1

[Event "Rated Blitz game"]
[Site "?"]
[Date "2021.03.18"]
[Round "?"]
[White "JurajMatejovic_SK"]
[Black "TheMonsterNotTheNM"]
[Result "1-0"]
[WhiteElo "2435"]
[BlackElo "2329"]
[PlyCount "85"]
[EventDate "2021.??.??"]
[EventType "blitz"]

1. e4 e5 2. Nf3 d5 3. exd5 e4 4. Qe2 Nf6 5. d3 Qxd5 6. Nbd2 Qa5 7. dxe4 a6 8.
c3 Nc6 9. h3 h6 10. g4 Be6 11. Bg2 O-O-O 12. Nh4 Bc5 13. O-O Qb6 14. b4 Bd6 15.
Nc4 Bxc4 16. Qxc4 Ne5 17. Qe2 g5 18. Be3 Qc6 19. Nf5 Rdg8 20. Bd4 h5 21. Nxd6+
cxd6 22. f4 gxf4 23. Rxf4 hxg4 24. h4 Nh5 25. Bxe5 dxe5 26. Rxf7 Qb6+ 27. Qf2
Qxf2+ 28. Kxf2 g3+ 29. Kg1 Nf4 30. Rd1 Rd8 31. Rxd8+ Rxd8 32. Bf3 Rd3 33. Bg4+
Kb8 34. h5 Rxc3 35. Rd7 g2 36. Rd1 Rg3 37. h6 Rxg4 38. h7 Rh4 39. Re1 Rxh7 40.
Kf2 Rf7 41. Rg1 Rg7 42. Ke3 Nh3 43. Rxg2 {Time forfeit} 1-0

[Event "Rated Blitz game"]
[Site "?"]
[Date "2021.03.18"]
[Round "?"]
[White "suskica"]
[Black "TheMonsterNotTheNM"]
[Result "0-1"]
[WhiteElo "2411"]
[BlackElo "2325"]
[PlyCount "32"]
[EventDate "2021.??.??"]
[EventType "blitz"]

1. e4 e5 2. Nf3 d5 3. Nxe5 Bd6 4. d4 dxe4 5. Nc4 Be7 6. Nc3 Nf6 7. Be3 O-O 8.
Qd2 c6 9. h3 b5 10. Ne5 b4 11. Ne2 Nd5 12. Ng3 f5 13. Bc4 g5 14. Nxc6 Nxc6 15.
Bxg5 Bxg5 16. Bxd5+ Kh8 {Normal} 0-1

[Event "Rated Blitz game"]
[Site "?"]
[Date "2021.03.18"]
[Round "?"]
[White "prowess-shred"]
[Black "hardacre"]
[Result "1-0"]
[WhiteElo "2462"]
[BlackElo "2280"]
[PlyCount "31"]
[EventDate "2021.??.??"]
[EventType "blitz"]

1. e4 e5 2. Nf3 d5 3. Nxe5 Bd6 4. d4 dxe4 5. Bc4 Bxe5 6. Qh5 Qxd4 7. Qxf7+ Kd8
8. Qf8+ Kd7 9. Bxg8 Qd6 10. Be6+ Qxe6 11. Qxh8 Nc6 12. Nc3 Ke7 13. Bg5+ Kf7 14.
O-O-O Kg6 15. h4 Bd7 16. Qxa8 {Normal} 1-0

[Event "Rated Blitz tournament PCXqMTGm"]
[Site "?"]
[Date "2021.03.18"]
[Round "?"]
[White "MidnightFox"]
[Black "Maltinho"]
[Result "0-1"]
[WhiteElo "2416"]
[BlackElo "2531"]
[PlyCount "71"]
[EventDate "2021.??.??"]
[EventType "blitz"]

1. e4 e5 2. Nf3 d5 3. Nxe5 Bd6 4. d4 dxe4 5. Bc4 Bxe5 6. dxe5 Qxd1+ 7. Kxd1 Nc6
8. Re1 Bf5 9. Bf4 Nge7 10. e6 fxe6 11. Nc3 O-O-O+ 12. Ke2 Nd5 13. Bxd5 exd5 14.
Kf1 h6 15. h3 Rhf8 16. Bg3 Nd4 17. Rac1 c6 18. Ne2 Ne6 19. c3 g5 20. Nd4 Nc5
21. Rcd1 Nd3 22. Rxd3 exd3 23. Nxf5 Rxf5 24. Re7 Rd7 25. Re8+ Rd8 26. Re7 Rdf8
27. Rc7+ Kd8 28. Rxb7 Re8 29. Rb8+ Kd7 30. Rxe8 Kxe8 31. Ke1 h5 32. f3 c5 33.
Bf2 c4 34. Bxa7 Re5+ 35. Kf2 Re2+ 36. Kg3 {Normal} 0-1

[Event "Rated Blitz game"]
[Site "?"]
[Date "2021.03.18"]
[Round "?"]
[White "Mondano"]
[Black "akgupt77"]
[Result "1-0"]
[WhiteElo "2400"]
[BlackElo "2250"]
[PlyCount "81"]
[EventDate "2021.??.??"]
[EventType "blitz"]

1. e4 e5 2. Nf3 d5 3. d4 dxe4 4. Nxe5 Bd6 5. Bc4 Bxe5 6. dxe5 Qxd1+ 7. Kxd1 Nc6
8. Re1 Bg4+ 9. Kd2 O-O-O+ 10. Ke3 Nxe5 11. Bb3 f5 12. h3 Bh5 13. Be6+ Kb8 14.
Bxf5 Nc4+ 15. Kf4 Nf6 16. Nc3 Rhf8 17. g4 Bg6 18. Bxg6 hxg6 19. Kg3 Nd2 20. Re2
e3 21. Bxd2 exd2 22. Rd1 g5 23. Rexd2 Rxd2 24. Rxd2 a6 25. f3 b5 26. Nd1 Re8
27. Kf2 Rf8 28. Ke2 Kb7 29. Ne3 Re8 30. Kf2 Kc6 31. Nf5 g6 32. Nd4+ Kb6 33. Re2
Rxe2+ 34. Kxe2 Nd5 35. Ne6 Nf4+ 36. Nxf4 gxf4 37. h4 Kc5 38. h5 gxh5 39. gxh5
Kd6 40. h6 Ke6 41. h7 {Normal} 1-0

[Event "Rated Blitz tournament PCXqMTGm"]
[Site "?"]
[Date "2021.03.18"]
[Round "?"]
[White "Orakul135"]
[Black "Maltinho"]
[Result "1-0"]
[WhiteElo "2550"]
[BlackElo "2532"]
[PlyCount "139"]
[EventDate "2021.??.??"]
[EventType "blitz"]

1. e4 e5 2. Nf3 d5 3. exd5 Bd6 4. d4 e4 5. Ne5 Nf6 6. c4 c5 7. f4 Nbd7 8. Nc3
O-O 9. Be3 Qe7 10. Nxd7 Bxd7 11. dxc5 Bxc5 12. Bxc5 Qxc5 13. Be2 Rfe8 14. Qd2
a6 15. O-O-O b5 16. Qd4 Qxd4 17. Rxd4 bxc4 18. Bxc4 a5 19. Re1 Bf5 20. h3 h5
21. Nb5 Rad8 22. d6 e3 23. Nc7 Re4 24. Rxe4 Nxe4 25. Rxe3 Nxd6 26. Ba6 Be4 27.
g4 h4 28. f5 Rd7 29. Nb5 Bg2 30. Nxd6 Rxd6 31. Bc4 Rc6 32. b3 Kf8 33. Kb2 a4
34. Kc3 axb3 35. axb3 f6 36. Rd3 Bf1 37. Rd8+ Ke7 38. Rd2 Bxh3 39. Re2+ Kd8 40.
Rh2 Bxg4 41. Rxh4 Bxf5 42. Kd4 g5 43. Rh8+ Kc7 44. Rg8 Kb6 45. Bd5 Rd6 46. Kc4
Bd3+ 47. Kd4 Bc2 48. Rb8+ Kc7 49. Rf8 Bxb3 50. Rf7+ Kb6 51. Rb7+ Ka6 52. Rxb3
f5 53. Kc5 Rxd5+ 54. Kxd5 f4 55. Ke4 Ka5 56. Kf3 Ka4 57. Rb1 Ka3 58. Kg4 Ka2
59. Rb6 f3 60. Kxf3 Ka3 61. Kg4 Ka4 62. Kxg5 Ka5 63. Rb8 Ka4 64. Rb1 Ka5 65.
Kf4 Ka6 66. Ke4 Ka5 67. Kd5 Ka4 68. Kc4 Ka3 69. Rb6 Ka4 70. Ra6# {Normal} 1-0

[Event "Rated Blitz game"]
[Site "?"]
[Date "2021.03.18"]
[Round "?"]
[White "Slava-Ukr"]
[Black "TheMonsterNotTheNM"]
[Result "0-1"]
[WhiteElo "2414"]
[BlackElo "2290"]
[PlyCount "62"]
[EventDate "2021.??.??"]
[EventType "blitz"]

1. e4 e5 2. Nf3 d5 3. exd5 e4 4. Qe2 Nf6 5. d3 Qxd5 6. dxe4 Qxe4 7. Nc3 Bb4 8.
Bd2 Qxe2+ 9. Bxe2 O-O 10. O-O-O c6 11. h3 h6 12. Bc4 a5 13. a3 Bc5 14. Rhf1 b5
15. Bd3 b4 16. axb4 axb4 17. Nb1 Ra1 18. Be3 Be7 19. Nfd2 Be6 20. Nb3 Bxb3 21.
cxb3 Nd5 22. Bd4 Nd7 23. Be4 Bf6 24. Bxd5 cxd5 25. Bxf6 Nxf6 26. f3 Rc8+ 27.
Kd2 Ra2 28. Rf2 Rxb2+ 29. Ke1 Rxb3 30. Nd2 Rb2 31. Rb1 Rxb1+ {Normal} 0-1

[Event "Rated Blitz game"]
[Site "?"]
[Date "2021.03.18"]
[Round "?"]
[White "sorriemerria"]
[Black "MN_Supariyono"]
[Result "1-0"]
[WhiteElo "2391"]
[BlackElo "2427"]
[PlyCount "111"]
[EventDate "2021.??.??"]
[EventType "blitz"]

1. e4 e5 2. Nf3 d5 3. Nc3 dxe4 4. Nxe4 f5 5. Nc3 e4 6. Ne5 Nf6 7. d4 Be6 8. Bg5
Be7 9. f3 Nbd7 10. f4 O-O 11. Be2 a6 12. O-O Rc8 13. d5 Nxe5 14. Bxf6 Bc5+ 15.
Kh1 gxf6 16. fxe5 Bd7 17. e6 Be8 18. Rxf5 Bg6 19. Bg4 Bxf5 20. Bxf5 e3 21. Ne4
Bd6 22. Qh5 Qe7 23. Re1 Kh8 24. Rxe3 Rg8 25. Rh3 Rg7 26. a3 Be5 27. b4 b5 28.
Rd3 Rd8 29. Qd1 a5 30. Nc5 axb4 31. axb4 Rg5 32. g4 Qg7 33. h3 Qh6 34. Kg2 Qh4
35. Qf3 h5 36. Nd7 hxg4 37. hxg4 Qh2+ 38. Kf1 Ra8 39. Qh3+ Qxh3+ 40. Rxh3+ Kg7
41. Nxe5 fxe5 42. Rh7+ Kf6 43. Rxc7 Rg7 44. Rxg7 Kxg7 45. d6 Kf6 46. e7 e4 47.
Bd7 e3 48. e8=Q Rxe8 49. Bxe8 Ke5 50. Bxb5 Kxd6 51. Ke2 Ke5 52. c3 Kf6 53. Bd3
Kg5 54. Kxe3 Kxg4 55. b5 Kg5 56. b6 {Normal} 1-0

[Event "Rated Blitz tournament QrdE3oJu"]
[Site "?"]
[Date "2021.03.18"]
[Round "?"]
[White "pleaseresignnow"]
[Black "Schachelite"]
[Result "0-1"]
[WhiteElo "2384"]
[BlackElo "2439"]
[PlyCount "42"]
[EventDate "2021.??.??"]
[EventType "blitz"]

1. e4 e5 2. Nf3 d5 3. exd5 e4 4. Qe2 Nf6 5. d3 Qxd5 6. Nfd2 Nc6 7. Nc3 Qf5 8.
dxe4 Qe6 9. Nf3 Bb4 10. Bd2 O-O 11. O-O-O Bxc3 12. Bxc3 Nxe4 13. Nd4 Nxc3 14.
bxc3 Qxa2 15. Qh5 g6 16. Qh4 Nxd4 17. Rxd4 Bf5 18. Bd3 Bxd3 19. Rxd3 Qa1+ 20.
Kd2 Qxh1 21. Qh6 Rfd8 {Normal} 0-1

[Event "Rated Blitz tournament lb5RrAL9"]
[Site "?"]
[Date "2021.03.18"]
[Round "?"]
[White "Medion72"]
[Black "cuerosky"]
[Result "1/2-1/2"]
[WhiteElo "2411"]
[BlackElo "2269"]
[PlyCount "103"]
[EventDate "2021.??.??"]
[EventType "blitz"]

1. e4 e5 2. Nf3 d5 3. exd5 e4 4. Qe2 Nf6 5. Nc3 Be7 6. Nxe4 O-O 7. Nxf6+ Bxf6
8. d4 Qxd5 9. Be3 Nc6 10. Qb5 Qd8 11. Bd3 a6 12. Qh5 g6 13. Qh6 Nxd4 14. Nxd4
Bxd4 15. Bxd4 Qxd4 16. O-O-O Qg7 17. Qf4 c6 18. h4 h5 19. f3 Be6 20. Kb1 Rad8
21. g4 Rd4 22. Qe3 hxg4 23. h5 Re8 24. b3 Bd7 25. Qg1 Bf5 26. h6 Qe5 27. Bxf5
Rxd1+ 28. Qxd1 gxf5 29. fxg4 f4 30. h7+ Kh8 31. Qd7 f3 32. Qxf7 f2 33. Qxf2 a5
34. g5 a4 35. Qf6+ Qxf6 36. gxf6 axb3 37. axb3 Rf8 38. Rh6 Rf7 39. c4 Rxh7 40.
Rxh7+ Kxh7 41. Kb2 Kg6 42. Kc3 Kxf6 43. Kd4 Ke6 44. Kc5 Kd7 45. Kb6 Kc8 46. Ka7
Kc7 47. c5 Kc8 48. b4 Kc7 49. Ka8 Kc8 50. Ka7 Kc7 51. Ka8 Kc8 52. Ka7 {Normal}
1/2-1/2